| 000 | 00362nam a22001097a 4500 | ||
|---|---|---|---|
| 008 | 160513b xxu||||| |||| 00| 0 eng d | ||
| 020 | _a0884504549 | ||
| 041 | _aeng | ||
| 080 | _a611 | ||
| 245 |
_aProgressive casting and splinting for lower estremity deformities in children with neuromotor neuromotor dysfunction: _cBy Beverly D.Cusick M.S P.T; |
||
| 942 |
_2udc _cBK |
||
| 999 |
_c2145 _d2145 |
||